Todos los cuentos el cuento (Registro nro. 55742)

Detalles MARC
000 -ENCABEZADO
Número de control [NR] 01066nam a2200265 a 4500
005 - FECHA Y HORA DE LA ÚLTIMA TRANSACCIÓN
control field 20211111075228.0
008 - DE LONGITUD FIJA DE DATOS DE ELEMENTOS - INFORMACIÓN GENERAL
Elementos de longitud fija [NR] 960523s2007 ck gr 0001jdspa d
015 ## - NUMERO DE BIBLIOGRAFIA NACIONAL [R]
Número de bibliografía nacional [R] ck-2007-xxxx
020 ## - NUMERO INTERNACIONAL NORMALIZADO PARA LIBROS [R]
Número Internacional Normalizado del libro [NR] 9789589818152
040 ## - FUENTE DE CATALOGACION [NR]
Agencia de catalogación original [NR] Co-BoUCM
Idioma de catalogación [NR] spa
Quien Cataloga Saul Niño (Modificó)
Quien Clasifica Saul Niño (Modificó)
041 0# - CODIGO DE IDIOMA [R]
Código de idioma para texto/pista de sonido o título separado [R] Español
111 2# - ASIENTO PRINCIPAL--NOMBRE DE REUNION [NR]
Nombre de reunión o de jurisdicción como elemento de entrada [NR] Jornadas de Literatura Comfama (
Fecha de la reunión [NR] : 2007 :
Lugar de la reunión [NR] Medellín)
9 (RLIN) 86072
245 10 - MENCION DE TITULO [NR]
Título [NR] Todos los cuentos el cuento
Parte restante del título [NR] la breve invención del mundo
Mención de responsabilidad, etc. [NR] Saúl Alvarez Lara ... [et al.] ; Coordinador académico Octavio Escobar Giraldo
260 3# - PUBLICACION, DISTRIBUCION, ETC. (PIE DE IMPRENTA) [R]
Lugar de publicación, distribución, etc. [R] Medellín
Nombre del editor, distribuidor, etc. [R] Comfama
Fecha de publicación, distribución, etc. [R] 2007
300 ## - DESCRIPCION FISICA [R]
Extensión [R] 245 páginas
490 0# - MENCION DE SERIE [R]
Mención de serie [R] Colección Jornadas de Literatura
650 #7 - ASIENTO SECUNDARIO DE MATERIA - TERMINO TEMATICO [R]
Término temático o nombre geográfico como elemento de entrada [NR] Cuento
Subdivisión general [R] Historia y crítica
9 (RLIN) 12246
650 ## - ASIENTO SECUNDARIO DE MATERIA - TERMINO TEMATICO [R]
Término temático o nombre geográfico como elemento de entrada [NR] Cuentos
Subdivisión general [R] Temas, motivos
9 (RLIN) 86073
650 #7 - ASIENTO SECUNDARIO DE MATERIA - TERMINO TEMATICO [R]
Término temático o nombre geográfico como elemento de entrada [NR] Creación literaria, artística, etc.
9 (RLIN) 12086
650 #7 - ASIENTO SECUNDARIO DE MATERIA - TERMINO TEMATICO [R]
Término temático o nombre geográfico como elemento de entrada [NR] Crítica literaria
9 (RLIN) 12204
700 12 - ASIENTO SECUNDARIO - NOMBRE PERSONAL [R]
Nombre personal [NR] Alvarez Lara, Saúl
9 (RLIN) 86074
700 12 - ASIENTO SECUNDARIO - NOMBRE PERSONAL [R]
Nombre personal [NR] Escobar Giraldo, Octavio
Fechas asociadas con el nombre [NR] 1962-
Término de relación [R] coordinador
9 (RLIN) 89899
942 ## - ELEMENTOS DE ENTRADA AGREGADOS (KOHA)
Sistema de clasificación DEWEY
Tema principal Literatura
Tipo de ítem principal el descrito en 300a Libro
Edición 1
Clasificación 809.31
Parte restante de la signatura top. T639c
Existencias
Signatura topográfica Código de barras Última vez visto Ejemplar Price effective from Tipo de ítem Perdido Sistema de clasificación Dañado No prestable Tipo de ítem específico Suprimido Ubicación habitual Ubicación actual Localización Fecha de creación Forma de adquisición Costo
809.31 T639c 100091476 09/12/2025 Ej.1 03/02/2013 Libro   DEWEY     Libro   Claustro Claustro 2do piso 30/09/2008 Donación 26000.00